| 000 | 01327nam2a22002771 4500 | ||
|---|---|---|---|
| 001 | rc\4932260 | ||
| 005 | 20250612184555.0 | ||
| 035 | _a(NLR Aleph) 008787745 | ||
| 090 |
_a8021573 _c8021573 |
||
| 100 | _a20130426d1964 |||y0rusy50 ca | ||
| 101 | 0 | _arus | |
| 102 | _aRU | ||
| 105 | _aa z ||||| | ||
| 200 | 1 |
_aРемонт систем _eЧ. 1 _f[Авт. инженеры Б.М. Каневский, К.В. Слепнев, А.М. Раппопорт] [и др.] |
|
| 210 |
_d1964 _aБ. м. |
||
| 215 |
_a291 с., 7 л. черт. _cил. |
||
| 333 | _aПродаже не подлежит. Экз. № 7 | ||
| 461 | 0 |
_1001rc\4932254 _12001#$aРемонт самолетов Е-6, Е-6Т и Е-7$f[Руководители авт. коллектива К.В. Слепнев, А.М. Раппопорт]. [В 10 кн.]. Кн. 1-$vКн. 4 _98021536 _cМосква _d1964 _f[Руководители авт. коллектива К.В. Слепнев, А.М. Раппопорт]. [В 10 кн.]. Кн. 1- _nМашиностроение _tРемонт самолетов Е-6, Е-6Т и Е-7 _vКн. 4 |
|
| 701 | 1 |
_aСлепнев _bК.В. |
|
| 701 | 1 |
_aКаневский _bБ.М. |
|
| 701 | 1 |
_aРаппопорт _bА.М. |
|
| 801 | 0 |
_aRU _bNLR _gpsbo |
|
| 801 | 1 |
_aRU _bELAR _2rusmarc |
|
| 852 |
_aNLR _j64-7/973 |
||
| 942 | _cBOOK | ||
| 980 | _aNB | ||